| 000 | 00827nam a22002297a 4500 | ||
|---|---|---|---|
| 003 | OSt | ||
| 005 | 20250811025210.0 | ||
| 008 | 240606b |||||||| |||| 00| 0 eng d | ||
| 020 | _a9781492093824 | ||
| 040 |
_aDWCL - Main Lib. _cOC |
||
| 082 | _aCirc. 005.13 N736l 2021 | ||
| 100 | _aNixon, Robin | ||
| 245 |
_aLearning PHP, MySQL & Javascript : _ba step-by step guide to creating dynamic website/ _cRobin Nixon |
||
| 250 | _a7th edition | ||
| 260 |
_a[place of publication not identified] : _bO’ Reilly Media, _cc2021. |
||
| 300 |
_axxvii, 793 pages : _billustrations ; _c24cm. |
||
| 504 | _aIncludes index. | ||
| 650 | _a1. Java script ( Computer program language). | ||
| 650 | _a 2. MySQL ( Computer program language). | ||
| 650 | _a 3. PHP ( Computer program language). | ||
| 942 |
_2ddc _cBK-CIRC _kCirc. _n0 _e7th edition |
||
| 999 |
_c285 _d285 |
||